| 000 | 00000nas 2200000za 4500 |
| 001 | 9.817036 |
| 003 | CaOODSP |
| 005 | 20221107142402 |
| 007 | cr ||||||||||| |
| 008 | 160506d19681975oncar p oss f000#b0fre|d |
| 022 | |y0576-0208 |
| 040 | |aCaOODSP|bfre |
| 041 | |aeng|afre |
| 043 | |an-cn--- |
| 086 | 1 |aCS51-203-PDF |
| 245 | 00|aAirport activity statistics |h[ressource électronique] / |cDominion Bureau of Statistics, Transportation and Public Utilities Division, Aviation Statistics Centre = Statistiques d'activité aéroportuaire / Bureau fédéral de la statistique, Division des transports et des services d'utilité publique, le Centre des statistiques de l'aviation. |
| 246 | 11|aStatistiques d'activité aéroportuaire |
| 260 | |a[Ottawa] : |bDominion Bureau of Statistics = Bureau fédéral de la statistique, |c1969-1976. |
| 310 | |aAnnuel |
| 362 | 0 |a1968-1975. |
| 500 | |aÉdition numérisée de l’imprimé [par Statistique Canada]. |
| 546 | |aTexte en anglais et en français. |
| 580 | |aScindé en : Air carrier traffic at Canadian airports (Annuel); and, Air carrier traffic at Canadian airports (Trimestriel). |
| 692 | 07|2gccst|aAéroport |
| 692 | 07|2gccst|aAviation civile |
| 710 | 1 |aCanada. |bBureau fédéral de la statistique. |
| 710 | 2 |aCentre des statistiques de l'aviation (Canada) |
| 785 | 00|tAir carrier traffic at Canadian airports |w(CaOODSP)9.817045 |
| 791 | |tAirport activity statistics |eeng|w(CaOODSP)9.817031 |